Κινησιολογία

Αποθηκεύτηκε σε:
Λεπτομέρειες βιβλιογραφικής εγγραφής
Κύριος συγγραφέας: Δούκας, Νίκος Μ.
Μορφή: Βιβλίο
Γλώσσα:Greek
Δημοσίευση: Αθήνα : Γ.Κ. Παρισιανός, 1991.
Έκδοση:2η εκδ.
Θέματα:
Ετικέτες: Προσθήκη ετικέτας
Δεν υπάρχουν, Καταχωρήστε ετικέτα πρώτοι!

MARC

LEADER 00000cam a2200000 i 4500
001 1/33386
008 941103s1991 gr | ||| |||| ||gre||
035 |a 1992  |c ΚΟΝΙΟΡΔΟΣ  |l 10039354 
040 |a GR-MyUA  |b gre  |e AACR2 
041 0 |a gre 
082 0 |a 612.76 
100 1 |a Δούκας, Νίκος Μ. 
245 1 0 |a Κινησιολογία /   |c Νίκος Μ. Δούκας.  
250 |a 2η εκδ.  
260 |a Αθήνα :   |b Γ.Κ. Παρισιανός,   |c 1991.  
300 |a 3 τ. ;   |c 22 εκ.  
505 0 |a T. 1. Μηχανική του ανθρώπινου σώματος -- τ. 2. Ανω άκρα σπονδυλική στήλη -- τ. 3. Λεκάνη κάτω άκρα.  
650 0 0 |a Kinesiology. 
650 0 0 |a Muscles. 
740 0 2 |a Μηχανική του ανθρώπινου σώματος 
740 0 2 |a Ανω άκρα σπονδυλική στήλη 
740 0 2 |a Λεκάνη κάτω άκρα 
852 |a INST  |b SAMOS  |e 19941103  |h 612.76 ΔΟΥ  |p 005300003851  |q 005300003851  |t BK  |y 0  |z τ.1 
852 |a INST  |b SAMOS  |e 19941103  |h 612.76 ΔΟΥ  |p 005300003852  |q 005300003852  |t BK  |y 0  |z τ.3 
852 |a INST  |b SAMOS  |e 19941103  |h 612.76 ΔΟΥ  |p 005300003853  |q 005300003853  |t BK  |y 0  |z τ.2 
852 |a INST  |b SAMOS  |e 19941103  |h 612.76 ΔΟΥ  |p 005300003851  |q 005300003851  |t BK  |v τ.1:  |y 0  |z τ.1 
852 |a INST  |b SAMOS  |e 19941103  |h 612.76 ΔΟΥ  |p 005300003852  |q 005300003852  |t BK  |v τ.3:  |y 0  |z τ.3 
852 |a INST  |b SAMOS  |e 19941103  |h 612.76 ΔΟΥ  |p 005300003853  |q 005300003853  |t BK  |v τ.2:  |y 0  |z τ.2 
853 |a INST  |b SAMOS  |h 612.76 ΔΟΥ 
909 |a Σ  |b 024223 
909 |a Σ  |b 024224 
909 |a Σ  |b 024225